| 000 | 01604cam a2200457 4500 | ||
|---|---|---|---|
| 003 | PE-LiUPU | ||
| 005 | 20250731173447.0 | ||
| 020 | _a8440020945 | ||
| 035 | _a(Sirsi) i9788440020949 | ||
| 035 | _a(Sirsi) 16159 | ||
| 035 | _a(Sirsi) 16159 | ||
| 041 | _aes | ||
| 044 | _aes | ||
| 082 | 0 | 4 |
_a200 _bJ 1976 |
| 100 | 1 | _aCunchillos, J. L. | |
| 245 |
_aEstudio del Salmo 29: canto al Dios de la fertilidad-fecundidad. Aportación al conocimiento de la fe de Israel a su entrada en Canaan / _cJ. L. Cunchillos. |
||
| 264 | 1 |
_aValencia : _bArtes Gráficas Soler, S.A., _c1976 |
|
| 300 |
_a308 páginas ; _c24 cm. |
||
| 490 | 0 |
_aInstitución San Jerónimo _v6 |
|
| 504 | _aBibliografía: p. 17-28 | ||
| 505 | 0 | _aEstudio filológico del PS 29 -- Estudio de la forma (Género Literario) -- Estudio de la estructura interna -- Unidad literaria de la composición -- Nacimiento e historia de este Salmo.salmo 29 | |
| 526 | _aSEG42 | ||
| 526 | _aSEG41 | ||
| 526 | _aSEG40 | ||
| 526 | _aSEG39 | ||
| 526 | _aP94 | ||
| 526 | _aP87 | ||
| 526 | _aP86 | ||
| 526 | _aP85 | ||
| 526 | _aP77 | ||
| 526 | _aP76 | ||
| 526 | _aP35 | ||
| 630 |
_aBiblia _pA.T. _pSalmos 29 _xEstudio |
||
| 942 |
_2ddc _cBOOK |
||
| 949 |
_a200 J 1976 _i31678 _lPOSTGRADO _mBUL _tLIBRO _o.STAFF. Posgrado |
||
| 859 |
_q31678 _h200 _iJ 1976 |
||
| 596 | _a1 | ||
| 999 |
_a200 J 1976 _wDEWEY _c57110 _i31678 _f2021-11-9 _g5 _lCCODEBUL1 _mBUL _r0 _sY _tBOOK _u2015-6-16 _xTEOLOGIA _PP35 _0COMPRA _o.STAFF. Colección General _d57110 |
||
| 980 |
_81 _gALBERTO SANCHEZ Responsable de Automatización |
||